| 000 | 00514nam a22001817a 4500 | ||
|---|---|---|---|
| 999 |
_c7826 _d7826 |
||
| 003 | OSt | ||
| 005 | 20220317103657.0 | ||
| 008 | 220317b ||||| |||| 00| 0 eng d | ||
| 020 | _a9781904685586 | ||
| 040 | _cDDC | ||
| 082 | _a305.3 JON 2006 | ||
| 100 |
_aJonathan : Anna Gallagher _915927 |
||
| 245 |
_aYoung man _b: a young man's guide to teenage sexuality |
||
| 260 |
_aNewyork _b: Hodder and Stoughton _c, C2006 |
||
| 300 |
_aiii,178p. _b; ill _c; 25 cm |
||
| 650 |
_aSex education _915928 |
||
| 942 |
_2ddc _cBOOK |
||